| 000 | 00652nam a2200193 a 4500 | ||
|---|---|---|---|
| 005 | 20210223125622.0 | ||
| 008 | 050308s2002 mx 000 0 spa d | ||
| 020 | _a9707012730 | ||
| 035 | _aUPN01000138075 | ||
| 049 | _aCG | ||
| 050 | 4 |
_aKGF3003 _bP4.3 |
|
| 100 | 1 | _aPérez López, Miguel | |
| 245 | 1 | 0 |
_aEstudios juridícos sobre la Comisión de los Derechos Humanos / _cMiguel Pérez López. |
| 260 |
_aMéxico : _bUAM-Azcapotzalco : _bMiguel Angel Porrúa, _c2002. |
||
| 300 | _a255 p. | ||
| 610 | 1 | 4 |
_aMEXICO. _bCOMISION NACIONAL DE DERECHOS HUMANOS _910990 |
| 650 | 4 |
_aDERECHOS HUMANOS - _zMEXICO - _xLEYES Y LEGISLACION _917444 |
|
| 905 | _aLibro | ||
| 999 |
_c110226 _d110226 |
||